000 00571nam a2200181 a 4500
001 000019756
005 20200929170128.0
008 731019s1961 xx 000 0 spa
040 _aDO-SdBNP
_bspa
_cBNPHU
082 _axxxx
_bG633p
100 1 _aGomez de la Serna, Ramon,
_d1888-1963.
_914278
245 1 0 _aPiso bajo :
_bnovela. /
_cRamón Gómez de la Serna.
260 _aMadrid :
_bEspasa-Calpe,
_c1961.
300 _a147 p. ;
_c18 cm.
490 1 _aColeccion austral,
_vv. 1299
830 0 _aColeccion austral,
_vv. 1299
_939561
910 _aCatalogación derivada / LC
999 _c19270
_d19270